Aggregation of therapeutic proteins / (Record no. 183135)

MARC details
000 -LEADER
fixed length control field 00893cam a2200241 a 4500
001 - CONTROL NUMBER
control field vtls003227399
003 - CONTROL NUMBER IDENTIFIER
control field MY-SjTCS
005 - DATE AND TIME OF LATEST TRANSACTION
control field 20200226121440.0
008 - FIXED-LENGTH DATA ELEMENTS--GENERAL INFORMATION
fixed length control field 111206s2010 njua b 001 0 eng
020 ## - INTERNATIONAL STANDARD BOOK NUMBER
International Standard Book Number 9780470411964 (hbk.)
020 ## - INTERNATIONAL STANDARD BOOK NUMBER
International Standard Book Number 0470411961 (hbk.)
039 #9 - LEVEL OF BIBLIOGRAPHIC CONTROL AND CODING DETAIL [OBSOLETE]
Level of rules in bibliographic description 201410111212
Level of effort used to assign nonsubject heading access points shuhada
Level of effort used to assign subject headings 201203081719
Level of effort used to assign classification wilmina
Level of effort used to assign subject headings 201202291202
Level of effort used to assign classification stazrina
-- 201112061031
-- masrina
082 04 - DEWEY DECIMAL CLASSIFICATION NUMBER
Classification number 615.58
Item number AGG 2010
245 00 - TITLE STATEMENT
Title Aggregation of therapeutic proteins /
Statement of responsibility, etc. edited by Wei Wang, Christopher J. Roberts.
260 ## - PUBLICATION, DISTRIBUTION, ETC.
Place of publication, distribution, etc. Hoboken, N.J. :
Name of publisher, distributor, etc. John Wiley,
Date of publication, distribution, etc. c2010.
300 ## - PHYSICAL DESCRIPTION
Extent xxii, 486 p. :
Other physical details ill. (some col.) ;
Dimensions 25 cm.
504 ## - BIBLIOGRAPHY, ETC. NOTE
Bibliography, etc. note Includes bibliographical references and index.
650 #0 - SUBJECT ADDED ENTRY--TOPICAL TERM
Topical term or geographic name entry element Protein drugs.
9 (RLIN) 43658
650 #0 - SUBJECT ADDED ENTRY--TOPICAL TERM
Topical term or geographic name entry element Aggregation (Chemistry)
9 (RLIN) 58184
700 1# - ADDED ENTRY--PERSONAL NAME
Personal name Wang, Wei,
Dates associated with a name 1957 March 10-
9 (RLIN) 70914
700 1# - ADDED ENTRY--PERSONAL NAME
Personal name Roberts, Christopher John,
Dates associated with a name 1972-
9 (RLIN) 58186
920 ## - Programme
Programme PHA : 177411
Holdings
Withdrawn status Lost status Source of classification or shelving scheme Damaged status Not for loan Collection code Home library Current library Date acquired Total Checkouts Barcode Date last seen Copy number Koha item type Public note
Withdrawn   Dewey Decimal Classification     Please fill up online form at https://taylorslibrary.taylors.edu.my/services/external_storage1 Taylor's Library-TU TU External Storage-LCS 09/01/2012   5000128075 12/12/2019 1 Main Collection SOPxx,31001,03,GR